| 000 | 01380nam a2200337 i 4500 | ||
|---|---|---|---|
| 003 | DO-SdBNP | ||
| 005 | 20260316094938.0 | ||
| 007 | ta | ||
| 008 | 220608e2017 dr ||||gr|||| 001 edspa d | ||
| 020 | _a9789945910131 | ||
| 040 |
_aDO-SdBNP _bspa _cBNPHU _erda |
||
| 041 | _aspa | ||
| 082 | 4 |
_axxx _bA948b _222 |
|
| 100 | 1 |
_aAvelino, Francisco Antonio, _d1935- _eautor _4aut. _955440 |
|
| 245 | 1 | 0 |
_aBrevísima selección sobre las ideas políticas en los escritos de Francisco Antonio Avelino / _cFrancisco Antonio Avelino ; prólogo, Antonio Amiama Castro ; presentación, Álvaro Caamaño |
| 264 | 4 |
_aSanto Domingo : _bArchivo General de la Nación, _c©2017. |
|
| 300 |
_a526 páginas ; _c23 cm. |
||
| 336 |
_atexto _btxt _2rdacontent |
||
| 337 |
_asin mediación _bn _2rdamedia |
||
| 338 |
_avolumen _bnc _2rdacarrier |
||
| 490 | 1 |
_aArchivo General de la Nación _v328 |
|
| 500 | _aIncluye datos biográficos del autor en las solapas | ||
| 500 | _aIncluye referencias bibliográficas y notas al pié de las páginas. | ||
| 504 | _aBibliografías : p. 73, 74, 111, 112, 195, 283, 285, 389, 390. | ||
| 590 | _aInventariado 2024/BT | ||
| 651 | 4 |
_aRepública Dominicana _xPolítica y gobierno _945 |
|
| 700 | 1 |
_aAmiama Castro, Antonio, _eprologuista _4pr. _981827 |
|
| 700 | 1 |
_aCaamaño, Álvaro A., _d1951- _epresentación _978208 |
|
| 910 | _aBtavárez | ||
| 942 |
_2ddc _cLBS1 |
||
| 999 |
_c51964 _d51964 |
||